[Event "Bremen-ch op"]
[Site "Bremen"]
[Date "2015.04.01"]
[Round "6"]
[White "Webner, Dennis"]
[Black "Wessels, Stefan"]
[Result "1-0"]
[WhiteElo "2073"]
[BlackElo "1938"]
[PlyCount "75"]
[EventDate "2015.03.28"]
[EventType "swiss"]
[EventRounds "9"]
[EventCountry "GER"]
[SourceTitle "EXT 2018"]
[Source "ChessBase"]
[SourceDate "2017.10.13"]
[SourceVersion "1"]
[SourceVersionDate "2017.10.13"]
[SourceQuality "1"]

1. d4 Nf6 2. Bg5 Ne4 3. h4 h6 4. Bf4 d5 5. e3 c5 6. c3 Qb6 7. Qc1 Bf5 8. g4 Bg6 9. f3 Nd6 10. Nd2 Nd7 11. Ne2 e6 12. Bg3 Be7 13. Nf4 Bh7 14. Bd3 Bxd3 15. Nxd3 Rc8 16. Rb1 Bf6 17. Qd1 cxd4 18. exd4 Nc4 19. Nxc4 Rxc4 20. Kf1 Qa6 21. Qe2 Qxa2 22. Kg2 Qb3 23. Ra1 Qb6 24. Nf4 0-0 25. Nh5 Be7 26. Qd2 g6 27. Nf4 Kg7 28. Rhe1 a6 29. Nxd5 exd5 30. Rxe7 Qc6 31. Rae1 b5 32. Bf4 Rh8 33. Re8 h5 34. Qe3 Rxe8 35. Bh6+ Kh7 36. Qxe8 Qf6 37. Bg5 Qg7 38. Qxd7 1-0

[Event "Bremen-ch op"]
[Site "Bremen"]
[Date "2015.03.28"]
[Round "1"]
[White "Wessels, Stefan"]
[Black "Petrov, Iouri"]
[Result "0-1"]
[WhiteElo "1938"]
[BlackElo "1585"]
[PlyCount "80"]
[EventDate "2015.03.28"]
[EventType "swiss"]
[EventRounds "9"]
[EventCountry "GER"]
[SourceTitle "EXT 2018"]
[Source "ChessBase"]
[SourceDate "2017.10.13"]
[SourceVersion "1"]
[SourceVersionDate "2017.10.13"]
[SourceQuality "1"]

1. e4 e6 2. d4 d5 3. Nd2 Nf6 4. e5 Nfd7 5. g3 c5 6. c3 Nc6 7. Ne2 Qb6 8. Nf3 cxd4 9. cxd4 Bb4+ 10. Bd2 0-0 11. Bh3 Qa6 12. 0-0 Nb6 13. Nf4 Nc4 14. Bc3 Bxc3 15. bxc3 Rb8 16. Qd3 Ne7 17. Ng5 Ng6 18. Bg2 Bd7 19. Rfb1 Bb5 20. Nxg6 hxg6 21. Qd1 Na3 22. Rxb5 Nxb5 23. Qg4 Nxc3 24. Qh4 Rfc8 25. Qh7+ Kf8 26. Qh8+ Ke7 27. Qxg7 Rf8 28. Bf1 Qc6 29. Kg2 Ne4 30. Rb1 Qc2 31. Bb5 Qxf2+ 32. Kh1 Nxg5 33. Rf1 Rg8 34. Qh6 Qe3 35. Rf4 Qc1+ 36. Rf1 Qd2 37. Rf4 Qe1+ 38. Kg2 Ne4 39. Qh7 Qd2+ 40. Kf1 Qxf4+ 0-1

[Event "Hamburg St Pauli op-A"]
[Site "Hamburg"]
[Date "2010.07.16"]
[Round "7"]
[White "Kreusch, Frank"]
[Black "Wessels, Stefan"]
[Result "0-1"]
[WhiteElo "1998"]
[BlackElo "1860"]
[PlyCount "112"]
[EventDate "2010.07.10"]
[EventType "swiss"]
[EventRounds "9"]
[EventCountry "GER"]
[SourceTitle "EXT 2013"]
[Source "ChessBase"]
[SourceDate "2012.11.22"]
[SourceVersion "1"]
[SourceVersionDate "2012.11.22"]
[SourceQuality "1"]

1. e4 c5 2. d4 cxd4 3. c3 d3 4. Bxd3 Nc6 5. Nf3 d6 6. Be3 Nf6 7. Nbd2 g6 8. 0-0 Bg7 9. Qb3 0-0 10. Ng5 Qc7 11. Rac1 e6 12. h3 d5 13. Rfd1 Rd8 14. Bb1 b6 15. Ngf3 Bb7 16. Bg5 Rd7 17. Nd4 Na5 18. Qa4 Nxe4 19. Bxe4 dxe4 20. b4 Rd5 21. Nxe4 Nc4 22. Qb3 Qe5 23. Re1 Qc7 24. Red1 b5 25. Bh4 Rxd4 26. cxd4 Bxe4 27. Bg3 Qb7 28. f3 Bd5 29. Qc3 Rc8 30. Re1 Rd8 31. Rcd1 Qb6 32. Bf2 a6 33. a3 Rc8 34. Rc1 Qb7 35. Red1 Bh6 36. Rc2 Nd6 37. Qb2 Bc4 38. Rc3 Qd5 39. Qb1 Bg7 40. Rd2 Rd8 41. Qd1 Nf5 42. a4 e5 43. axb5 axb5 44. g4 Nxd4 45. Kg2 Qa8 46. Bh4 Re8 47. Re3 Bh6 48. g5 Bg7 49. Bf2 Ne6 50. h4 Nf4+ 51. Kg3 Qc8 52. Qh1 Bf8 53. Rb2 Qf5 54. Re4 Rd8 55. Bb6 Rd3 56. Bc7 Bd5 0-1

[Event "Hamburg St Pauli op-A"]
[Site "Hamburg"]
[Date "2010.07.14"]
[Round "6"]
[White "Wessels, Stefan"]
[Black "Baczinski, Wolfgang"]
[Result "0-1"]
[WhiteElo "1860"]
[BlackElo "1992"]
[PlyCount "74"]
[EventDate "2010.07.10"]
[EventType "swiss"]
[EventRounds "9"]
[EventCountry "GER"]
[SourceTitle "EXT 2013"]
[Source "ChessBase"]
[SourceDate "2012.11.22"]
[SourceVersion "1"]
[SourceVersionDate "2012.11.22"]
[SourceQuality "1"]

1. e4 c5 2. Nf3 e6 3. d4 cxd4 4. Nxd4 a6 5. Be2 Qc7 6. 0-0 Nc6 7. Nc3 Nf6 8. Be3 Bb4 9. Nxc6 bxc6 10. Qd4 Rb8 11. a3 Bd6 12. g3 Be5 13. Qd3 Rxb2 14. Na4 Rb8 15. Rad1 Qa5 16. f4 Bc7 17. Nc3 Bb6 18. Bxb6 Rxb6 19. e5 Nd5 20. Ne4 0-0 21. Ng5 f5 22. exf6 Nxf6 23. c4 Qc5+ 24. Kh1 h6 25. Nf3 Rb2 26. Ne5 d6 27. Ng6 Rf7 28. Bf3 d5 29. Rc1 Qb6 30. cxd5 exd5 31. Ne5 Rc7 32. g4 Be6 33. Qg6 Qe3 34. Bg2 Qe2 35. Rg1 Re7 36. Rxc6 Ne4 37. Bxe4 Qxh2# 0-1

[Event "Hamburg St Pauli op-A"]
[Site "Hamburg"]
[Date "2010.07.11"]
[Round "2"]
[White "Wessels, Stefan"]
[Black "Raygrotzki, Norbert"]
[Result "1-0"]
[WhiteElo "1860"]
[BlackElo "2015"]
[PlyCount "83"]
[EventDate "2010.07.10"]
[EventType "swiss"]
[EventRounds "9"]
[EventCountry "GER"]
[SourceTitle "EXT 2013"]
[Source "ChessBase"]
[SourceDate "2012.11.22"]
[SourceVersion "1"]
[SourceVersionDate "2012.11.22"]
[SourceQuality "1"]

1. e4 c6 2. d4 d5 3. Nc3 dxe4 4. Nxe4 Bf5 5. Ng3 Bg6 6. h4 h6 7. Nf3 Nd7 8. Bd3 Bxd3 9. Qxd3 e6 10. Bf4 Qa5+ 11. c3 Ngf6 12. 0-0 Nd5 13. Bd2 Qc7 14. Rfe1 0-0-0 15. b4 Be7 16. a4 Kb8 17. Ne4 N5f6 18. Nxf6 gxf6 19. b5 cxb5 20. axb5 Nb6 21. Ra2 Rd7 22. Rea1 Nc8 23. Qe4 b6 24. Qe2 Bd6 25. c4 e5 26. Be3 e4 27. Nd2 f5 28. c5 bxc5 29. dxc5 Bh2+ 30. Kh1 Rd3 31. b6 axb6 32. cxb6 Qd8 33. Ra8+ Kb7 34. R1a7+ Kc6 35. g3 Bxg3 36. fxg3 Qf6 37. Rc7+ Kd5 38. Ra5+ Ke6 39. b7 Nd6 40. Bf4 Qb2 41. Bxd6 Rxd2 42. Qc4+ 1-0